| 000 | 00679cab a2200253 4500 | ||
|---|---|---|---|
| 001 | ABS60442 | ||
| 008 | 090401t1999 xxu||||| |||| 00| 0 eng d | ||
| 035 | _a(Sirsi) u93225 | ||
| 041 | _aeng | ||
| 100 | _aDawson, T. | ||
| 245 | _aBuy-to-let revolution shows no sign of diminishing | ||
| 260 | _c1999 | ||
| 350 | _a0 | ||
| 490 |
_aProperty Forecast _v2 (4) April 1999, 10(1) |
||
| 650 | _aBUY-TO-LET | ||
| 650 | _aLONDON | ||
| 650 | _aMORTGAGE EXPRESS | ||
| 650 | _aPROPERTY INVESTMENT | ||
| 650 | _aRESIDENTIAL PROPERTY MARKET | ||
| 650 | _aSOUTH EAST | ||
| 690 | _aPROPERTY-COMMERCIAL PROPERTY-COMMERCIAL PROPERTY MARKET | ||
| 942 | _n0 | ||
| 948 | _c10/05/1999 | ||
| 999 |
_c59088 _d59088 |
||